Państwa, które w nazwie mają conajmniej 2 litery N. - Statystyki

Ogólne statystyki
  • Ten quiz został rozwiązany 459 razy
    363 od ostatniego zresetowania
  • Średni wynik to 14 z 22
Statystyki odpowiedzi
L.p. Odpowiedź % Poprawnych
18. Stany Zjednoczone
80%
13. Nowa Zelandia
76%
2. Argentyna
73%
7. Finlandia
73%
14. Papua-Nowa Gwinea
73%
1. Afganistan
72%
5. Demokratyczna Republika Konga
69%
9. Indonezja
66%
6. Dominikana
65%
8. Gwinea Równikowa
62%
19. Sudan Południowy
62%
20. Tanzania
62%
11. Liechtenstein
61%
3. Benin
59%
22. Zjednoczone Emiraty Arabskie
59%
4. Bośnia i Hercegowina
57%
12. Macedonia Północna
57%
21. Turkmenistan
57%
16. Saint Vincent i Grenadyny
56%
10. Korea Północna
52%
15. Saint Kitts i Nevis
52%
17. San Marino
48%
Nie znaleziono quizów pasujących do podanych kryteriów
Rozkład punktacji
Procent ludzi z każdym wynikiem
Percentyl według liczby udzielonych odpowiedzi
Twoja historia wyników
Nie rozwiązałeś tego quizu od ostatniego zresetowania